Normal view
MARC view
Entry Personal Name
001 - CONTROL NUMBER
- control field: 41295
003 - CONTROL NUMBER IDENTIFIER
- control field: OSt
005 - DATE AND TIME OF LATEST TRANSACTION
- control field: 20211105154842.0
008 - FIXED-LENGTH DATA ELEMENTS
- fixed length control field: 211105|| aca||aabn | a|a d
040 ## - CATALOGING SOURCE
- Original cataloging agency: OSt
- Transcribing agency: OSt
100 ## - HEADING--PERSONAL NAME
- Personal name: Gan, Fuxi, ed
670 ## - SOURCE DATA FOUND
- Source citation: Work cat.: (OSt): Gan, Fuxi, ed., 2016 International Workshop on Information Data Storage and Tenth International Symposium on Optical Storage, 2016